1095 1244 1338 1682 1936 1494 1460 1173 1793 1524 1530 1228 1274 1385 1962 1521 1622 1483 1486 1871 1619 1282 1822 1345 1262 1532 1315 1239 1297 1284 1939 1315 1571 1520 1963 1478 1756 1661 1215 1190 1875 1269 1483 1780 1132 1037 1870 1632 1151 1496 1542 1696 1734 1874 1362 1426 1787 1426 1204 1048 1270 1408 1439 1580 1190 1704 1050 1029 1756 1734 1967 1354 1856 1021 1987 1397 1156 1397 1845 1186 1052 1767 1290 1888 1700 1163 1782 1419 1297 1698 1511 1541 1901 1264 1915 1780 1340 1070 1343 BCNSPRNW ULIB Ver.6.0+V

เปลี่ยนเป็นภาษาไทย

Change to English
 แสดงรายละเอียดบรรณานุกรม
  กลับหน้าหลัก

Brief Record : Get Marc (ISO 2709) : E-mail record : QR code < ปิดหน้าต่าง
LEADER : 00000nam a2200000Ia 4500
001    13399122484
003     ULIB
008    100427s2010 xxua b 001 0 eng d
020    ^a9781608310883 (v.1)
060 04 ^aWY150^bB897 v.1-2 2010
245 00 ^aBrunner & Suddarth s textbook of medical-surgical nursing
246 30 ^aBrunner and Suddarth s textbook of medical-surgicalnursing
246 30 ^aTextbook of medical-surgical nursing
250    ^a12th ed. /^b[edited by] Suzanne C. Smeltzer ... [et al.]
260    ^aPhiladelphia :^bWolters Kluwer/Lippincott Williams &Wilkins,^c2010
300    ^a2 v. (xxvii, 2240, I096) :^bill. ;^c29 cm. +^e1 DVD-ROM (43/4 in.).
504    ^aIncludes bibliographical references and index
650  2 ^aNursing Care
650  2 ^aPerioperative Nursing
700 1  ^aBrunner, Lillian Sholtis
700 1  ^aSuddarth, Doris Smith
700 1  ^aSmeltzer, Suzanne C. O''''''''Connell,^eed.
945    ^p0^l0^i029053
999    ^aเกษร โพธิ์สุวรรณ
รายการนี้ยังไม่มีแท็ก
คุณยังไม่ได้ล็อกอิน คุณสามารถมีกิจกรรมร่วมกับเว็บไซต์ได้ แต่ต้องล็อกอินก่อน ::
  ล็อกอิน

รายการสื่อสารสนเทศ

ลำดับที่ ประเภท เลขเรียก/บาร์โค้ด สถานที่ สถานะ
1. Book การพยาบาล
Book การพยาบาล
WY150 B897 v.1-2 2010  
  Barcode: 029053
ห้องสมุดวิทยาเขตสวรรค์ประชารักษ์
►หนังสือทั่วไป
บนชั้น

รายการใกล้เคียง
    ชื่อเรื่อง [Brunner & Suddarth s textbook of medical-surgical nursing]

    หัวเรื่อง [Nursing Care]
    หัวเรื่อง [Perioperative Nursing]

BibComment


ยังไม่เคยถูกคอมเมนท์

คอมเมนท์ทรัพยากรรายการนี้
  คอมเมนท์: Brunner Suddart..


 Copyright 2026. Bcnsprnw @Library